000 00367nam a2200133Ia 4500
005 20260328104335.0
008 260328s9999||||xx |||||||||||||| ||und||
100 _aVillegas, Benjamín
245 0 _aCasa Campesina :
_b Arquitectura Vernácula de Colombia /
_cBenjamín Villegas
260 _bVillegas Editores
300 _a167 p.
650 _aCOLOMBIA
942 _cBK
999 _c11880
_d11880